Úvod do managementu zdravotnických služeb
Základné smery ekonomicko-manažérskeho prístupu v zdravotníctve vo svete a v Českej republike. Oblasti reprezentujúce manažérske zameranie zdravotníckej starostlivosti. Charakteristika manažmentu zdravotníckych služieb.
Enregistré dans:
| Auteur principal: | |
|---|---|
| Autres auteurs: | |
| Format: | Chapitre de livre |
| Langue: | tchèque |
| Sujets: | |
| Tags: |
Pas de tags, Soyez le premier à ajouter un tag!
|
MARC
| LEADER | 00000naa$a2200000$$$4500 | ||
|---|---|---|---|
| 001 | 0001815 | ||
| 005 | 20231003120030.9 | ||
| 041 | 0 | |a cze | |
| 044 | |a CZ | ||
| 245 | 1 | 0 | |a Úvod do managementu zdravotnických služeb |c aut. Petr Pirožek, Rudolf Střítecký |
| 520 | |a Základné smery ekonomicko-manažérskeho prístupu v zdravotníctve vo svete a v Českej republike. Oblasti reprezentujúce manažérske zameranie zdravotníckej starostlivosti. Charakteristika manažmentu zdravotníckych služieb. | ||
| 610 | 2 | 0 | |a manažment |
| 610 | 2 | 0 | |a zdravotníctvo |
| 610 | 2 | 0 | |a starostlivosť zdravotná |
| 610 | 2 | 0 | |a Česko |
| 610 | 2 | 0 | |a krajiny vyspelé |
| 100 | 1 | |a Pirožek, Petr | |
| 700 | 1 | |a Střítecký, Rudolf | |